| 000 | 00403nam a22001457a 4500 | ||
|---|---|---|---|
| 005 | 20240118121701.0 | ||
| 008 | 240118b |||||||| |||| 00| 0 eng d | ||
| 041 | _aeng | ||
| 100 |
_aPANKAJ, A.P.N _98398 |
||
| 245 | _aTHE CONCEPT OF VALUE-BASED EDUCATION AND TRAINING OF THE TEACHERS | ||
| 260 |
_aNEW DELHI _bSHIKSHA SANSKRITI UTTHAN NYAS |
||
| 300 | _a36;P | ||
| 650 |
_aLIFE SKILL _98393 |
||
| 942 | _cBK | ||
| 999 |
_c8482 _d8480 |
||